00692nam a2200217 a 450000500170000000800410001702000180005810000210007624500740009726000400017130000180021144000420022965000220027165000190029365000260031265000240033865000380036265000360040094200210043699900170045720170619150139.0050804s2002 txu 001 0 eng d a1-55671-131-X1 aMontag, Richard.12aA tale of Pudicho's people : Cashinahua accounts of European contact. aDallas :bSIL International,c2002. a170 p. ; map 0aPublications in Ethnology series ; 38 0aCashinaua Indians 0aPanoan Indians 0aSocial ChangexBrazil 0aSocial ChangexPeru 0aBrazil emigration and immigration 0aPeru emigration and immigration h306.08998iM758t c63675d63649